Burger King Whopper Lyrics (Two Fries, Two Drinks) - Statistics

General Stats
  • This quiz has been taken 44 times
  • The average score is 11 of 32
Answer Stats
Lyrics % Correct
Whopper
86%
Fries
66%
Two
59%
Two
59%
Two
59%
Drinks
55%
Have
48%
You
48%
You
48%
It
45%
BK
41%
Double
41%
Way
41%
Your
41%
Rule!
34%
And
28%
Up
28%
Match
24%
Mix
24%
That
24%
Want
24%
We're
24%
Whatever
24%
Crispy
21%
Each
21%
'Em
21%
Into
21%
Meals
21%
Or
21%
5.99
17%
Full
14%
Royal
14%
No matching quizzes found
Score Distribution
Percent of People with Each Score
Percentile by Number Answered
Your Score History
You have not taken this quiz